000
00297nam a22001217a 4500
999
_c
522810
_d
522810
003
NUST
038
_a
Tanveer
082
_a
891.4393
_b
ABD
245
_a
Majmoa Abdullah Hussain /
_c
Abdullah Hussain
260
_a
Lahore :
_b
Sang e meel Publisher
_c
2007.
300
_a
1168p.
_c
25cm.
942
_2
ddc
_c
BK